towards indigenizing the policy Debate (Record no. 3506)

MARC details
000 -LEADER
fixed length control field 00409nam a22001337a 4500
008 - FIXED-LENGTH DATA ELEMENTS--GENERAL INFORMATION
fixed length control field 230703b xxu||||| |||| 00| 0 eng d
082 ## - DEWEY DECIMAL CLASSIFICATION NUMBER
Classification number 338.967
Item number NGE
100 ## - MAIN ENTRY--PERSONAL NAME
Titles and words associated with a name Njuguna Ng'ethe
245 ## - TITLE STATEMENT
Title towards indigenizing the policy Debate
Remainder of title from Sessional Paper No. 10 to Structural Adjustment
260 ## - PUBLICATION, DISTRIBUTION, ETC. (IMPRINT)
Name of publisher, distributor, etc. Institute of policy analysis and research
300 ## - PHYSICAL DESCRIPTION
Extent 326p
700 ## - ADDED ENTRY--PERSONAL NAME
Titles and other words associated with a name Wasunna Owino
942 ## - ADDED ENTRY ELEMENTS (KOHA)
Source of classification or shelving scheme Dewey Decimal Classification
Koha item type Books
Holdings
Withdrawn status Lost status Source of classification or shelving scheme Damaged status Not for loan Home library Current library Date acquired Total Checkouts Full call number Barcode Date last seen Price effective from Koha item type
    Dewey Decimal Classification     County Hall Archives County Hall Archives 07/03/2023   338.967 NGE 10002566 07/03/2023 07/03/2023 Books
    Dewey Decimal Classification     County Hall Archives County Hall Archives 07/03/2023   338.967 NGE 10013108 07/03/2023 07/03/2023 Books
LIBRARY OPENING HOURS

When the Parliament is sitting: 8.00a.m - 7.00p.m or until the house adjourns
Mondays and Fridays and when the House is on Recess:  8.00a.m - 5.00p.m
Closed on Weekends and Public Holidays

Online Public Access Catalog (OPAC)
Website: http://www.parliament.go.ke
Bunge Library: https://libraryir.parliament.go.ke
Contact: library@parliament.go.ke | Tel no: (254-2)2221291 or 2848000 Ext 5043